000 00524nam a2200193Ia 4500
008 151119s9999||||xx |||||||||||||| ||und||
082 _a891.464
082 _bGKKV23432
100 _aकाणेकर शिरीष
245 _aलगावबत्ती
260 _a--
260 _b--
260 _c0
600 _aकाणेकर शिरीष
630 _aलगावबत्ती
700 _aकाणेकर शिरीष
730 _aलगावबत्ती
942 _cBOOK
999 _c1076082
_d1076079